000 00464nam a2200133Ia 4500
008 231221s9999 xx 000 0 und d
020 _a978-0-85729-290-2
041 _aEnglish
100 _aMagdi S. Mahmoud
245 0 _aDecentralized Systems with Design Constraints
260 _c2011
_bSpringer London
_aNew York
650 _aControl; Communications Engineering, Networks; Computer Communication Networks; Vibration, Dynamical Systems, Control
942 _cEB
999 _c225928
_d225928